Prakrit path : (Record no. 3598)

MARC details
000 -LEADER
fixed length control field 00538cam a2200193ua 4500
008 - FIXED-LENGTH DATA ELEMENTS--GENERAL INFORMATION
fixed length control field 111203n ii |||gr||||Z||||||asm
040 ## - CATALOGING SOURCE
Transcribing agency MAIN
082 ## - DEWEY DECIMAL CLASSIFICATION NUMBER
Classification number 491.451
100 1# - MAIN ENTRY--PERSONAL NAME
Personal name Goswami, Kesavananda Dev,
Relator term
245 11 - TITLE STATEMENT
Title Prakrit path :
Remainder of title pali, prakit aru apabhransha /
Statement of responsibility, etc. by Kesavananda Dev Goswami
250 ## - EDITION STATEMENT
Edition statement 1st.
260 ## - PUBLICATION, DISTRIBUTION, ETC.
Place of publication, distribution, etc. Dibrugarh:
Name of publisher, distributor, etc. Students emporium,991.
300 ## - PHYSICAL DESCRIPTION
Extent 159p:
Dimensions 23cm.
700 1# - ADDED ENTRY--PERSONAL NAME
Personal name Baruah, Bhimkanta,
Relator term
942 ## - ADDED ENTRY ELEMENTS (KOHA)
Koha item type Books
653 ## - INDEX TERM--UNCONTROLLED
Uncontrolled term Assamese language
653 ## - INDEX TERM--UNCONTROLLED
Uncontrolled term Prakrit path
Holdings
Withdrawn status Lost status Damaged status Not for loan Home library Current library Shelving location Date acquired Total Checkouts Full call number Barcode Date last seen Date last checked out Copy number Price effective from Koha item type
        Central Library, Naharkatiya College Central Library, Naharkatiya College General Stacks 19/09/2020 3 491.451 | GOS 8359 22/06/2023 08/05/2023 1 19/09/2020 Books

Naharkatiya College © 2020. All rights reserved.

Powered By